<?xml version="1.0" encoding="UTF-8"?><?xml-stylesheet type="text/xsl" href="static/style.xsl"?><OAI-PMH xmlns="http://www.openarchives.org/OAI/2.0/" xmlns:xsi="http://www.w3.org/2001/XMLSchema-instance" xsi:schemaLocation="http://www.openarchives.org/OAI/2.0/ http://www.openarchives.org/OAI/2.0/OAI-PMH.xsd"><responseDate>2026-04-17T02:46:48Z</responseDate><request verb="GetRecord" identifier="oai:www.recercat.cat:10230/71241" metadataPrefix="marc">https://recercat.cat/oai/request</request><GetRecord><record><header><identifier>oai:recercat.cat:10230/71241</identifier><datestamp>2025-09-23T02:35:52Z</datestamp><setSpec>com_2072_6</setSpec><setSpec>col_2072_452952</setSpec></header><metadata><record xmlns="http://www.loc.gov/MARC21/slim" xmlns:dcterms="http://purl.org/dc/terms/" xmlns:xsi="http://www.w3.org/2001/XMLSchema-instance" xmlns:doc="http://www.lyncode.com/xoai" xsi:schemaLocation="http://www.loc.gov/MARC21/slim http://www.loc.gov/standards/marcxml/schema/MARC21slim.xsd">
   <leader>00925njm 22002777a 4500</leader>
   <datafield ind2=" " ind1=" " tag="042">
      <subfield code="a">dc</subfield>
   </datafield>
   <datafield ind2=" " ind1=" " tag="720">
      <subfield code="a">Benach, Núria</subfield>
      <subfield code="e">author</subfield>
   </datafield>
   <datafield ind2=" " ind1=" " tag="720">
      <subfield code="a">Font-Casaseca, Núria</subfield>
      <subfield code="e">author</subfield>
   </datafield>
   <datafield ind2=" " ind1=" " tag="260">
      <subfield code="c">2025-09-19T12:44:38Z</subfield>
   </datafield>
   <datafield ind2=" " ind1=" " tag="260">
      <subfield code="c">2025-09-19T12:44:38Z</subfield>
   </datafield>
   <datafield ind2=" " ind1=" " tag="260">
      <subfield code="c">2025</subfield>
   </datafield>
   <datafield ind2=" " ind1=" " tag="520">
      <subfield code="a">Urban regeneration is often presented by those responsible as an unquestionable success story. Barcelona’s transformation from the mid-1980s, with its great Olympic momentum and successive attempts to maintain its international status, is perhaps one of the most widely publicized and celebrated. Among the operations, the waterfront stands out as one of the most significant regeneration efforts due to their territorial scope, social implications, and economic impact. In this text, we want to challenge this official success story with other untold stories: the stories of the preexisting spaces that have been erased, the people who have been displaced, and the industrial heritage that has been destroyed. There are hardly any memories left, and the regeneration projects seem to be built on a previous emptiness. The discourses of success are often accompanied by maps that conceal the process of change and, at the same time, present the regeneration projects as disconnected from other spaces and processes. Maps appear as artifacts with great limitations in their capacity to represent complex and time-delayed processes and, at the same time, have enough power to legitimize urban regeneration as beneficial to all. However, maps can also be powerful tools for changing the way regeneration processes are told and who tells them, thus revealing what has been hidden.</subfield>
   </datafield>
   <datafield ind2=" " ind1=" " tag="520">
      <subfield code="a">This publication is part of the R&amp;D&amp;I project “Spaces of Resistance and Survival Networks in Urban Margins” (REDSIST) PID2021-126786OB-I00, funded by MCIN/AEI/10.13039/501100011033/ FEDER, EU.</subfield>
   </datafield>
   <datafield ind1="8" ind2=" " tag="024">
      <subfield code="a">http://hdl.handle.net/10230/71241</subfield>
   </datafield>
   <datafield tag="653" ind2=" " ind1=" ">
      <subfield code="a">Barcelona</subfield>
   </datafield>
   <datafield tag="653" ind2=" " ind1=" ">
      <subfield code="a">Waterfront</subfield>
   </datafield>
   <datafield tag="653" ind2=" " ind1=" ">
      <subfield code="a">Layering</subfield>
   </datafield>
   <datafield tag="653" ind2=" " ind1=" ">
      <subfield code="a">Heritage</subfield>
   </datafield>
   <datafield tag="653" ind2=" " ind1=" ">
      <subfield code="a">Collective memory</subfield>
   </datafield>
   <datafield ind2="0" ind1="0" tag="245">
      <subfield code="a">Below and beyond the map: stories of urban regeneration of the Barcelona waterfront</subfield>
   </datafield>
</record></metadata></record></GetRecord></OAI-PMH>